Influence of radiation interaction of clouds on fluxes of radiation in the atmosphere; Proceedings of SPIE; Vol.10833 : 24th International Symposium on Atmospheric and Ocean Optics: Atmospheric Physics

গ্রন্থ-পঞ্জীর বিবরন
Parent link:Proceedings of SPIE
Vol.10833 : 24th International Symposium on Atmospheric and Ocean Optics: Atmospheric Physics.— 2018.— [108330F, 5 p.]
প্রধান লেখক: Goryachev B. V. Boris Valentinovich
সংস্থা লেখক: Национальный исследовательский Томский политехнический университет Школа базовой инженерной подготовки Отделение естественных наук
অন্যান্য লেখক: Grigorjev G. Yu. Gennady Yurjevich, Averkiev A. A. Andrey Alekseevich
সংক্ষিপ্ত:Title screen
The influence of the optical interaction of clouds on the radiation fluxes in the atmosphere is studied. A model and a method for calculating the magnitude of the radiation interaction under multiple re-radiation between clouds are proposed. It is shown that the radiation interaction depends in a complex way on the optical and geometric dimensions of the clouds and their optical parameters. It is established that for certain optical sizes of clouds the radiation interaction between them is maximal. The position of the maximum of the radiation interaction between the clouds is determined by the scattering phase function radiation: with an increase in the degree of elongation of the scattering phase function, the maximum moves to the region of large optical thicknesses.
Режим доступа: по договору с организацией-держателем ресурса
ভাষা:ইংরেজি
প্রকাশিত: 2018
বিষয়গুলি:
অনলাইন ব্যবহার করুন:https://doi.org/10.1117/12.2504463
বিন্যাস: বৈদ্যুতিক গ্রন্থের অধ্যায়
KOHA link:https://koha.lib.tpu.ru/cgi-bin/koha/opac-detail.pl?biblionumber=659725

MARC

LEADER 00000naa0a2200000 4500
001 659725
005 20250918130018.0
035 |a (RuTPU)RU\TPU\network\28496 
035 |a RU\TPU\network\28495 
090 |a 659725 
100 |a 20190326d2018 k||y0engy50 ba 
101 0 |a eng 
135 |a drcn ---uucaa 
181 0 |a i  
182 0 |a b 
200 1 |a Influence of radiation interaction of clouds on fluxes of radiation in the atmosphere  |f B. V. Goryachev, G. Yu. Grigorjev, A. A. Averkiev 
203 |a Text  |c electronic 
300 |a Title screen 
330 |a The influence of the optical interaction of clouds on the radiation fluxes in the atmosphere is studied. A model and a method for calculating the magnitude of the radiation interaction under multiple re-radiation between clouds are proposed. It is shown that the radiation interaction depends in a complex way on the optical and geometric dimensions of the clouds and their optical parameters. It is established that for certain optical sizes of clouds the radiation interaction between them is maximal. The position of the maximum of the radiation interaction between the clouds is determined by the scattering phase function radiation: with an increase in the degree of elongation of the scattering phase function, the maximum moves to the region of large optical thicknesses. 
333 |a Режим доступа: по договору с организацией-держателем ресурса 
461 1 |0 (RuTPU)RU\TPU\network\12028  |t Proceedings of SPIE 
463 |t Vol.10833 : 24th International Symposium on Atmospheric and Ocean Optics: Atmospheric Physics  |o 2-5 July 2018  |v [108330F, 5 p.]  |d 2018 
610 1 |a электронный ресурс 
610 1 |a труды учёных ТПУ 
610 1 |a радиационное взаимодействие 
610 1 |a потоки 
610 1 |a излучение 
610 1 |a атмосфера 
700 1 |a Goryachev  |b B. V.   |c physicist  |c associate Professor of Tomsk Polytechnic University, candidate of physical and mathematical Sciences  |f 1947-  |g Boris Valentinovich  |3 (RuTPU)RU\TPU\pers\34693  |9 18043 
701 1 |a Grigorjev  |b G. Yu.  |g Gennady Yurjevich 
701 1 |a Averkiev  |b A. A.  |c Specialist in the field of electronics  |c Research Engineer of Tomsk Polytechnic University  |f 1996-  |g Andrey Alekseevich  |3 (RuTPU)RU\TPU\pers\47130  |9 22723 
712 0 2 |a Национальный исследовательский Томский политехнический университет  |b Школа базовой инженерной подготовки  |b Отделение естественных наук  |3 (RuTPU)RU\TPU\col\23562 
801 2 |a RU  |b 63413507  |c 20220321  |g RCR 
856 4 |u https://doi.org/10.1117/12.2504463 
942 |c CF